<?xml version="1.0" encoding="UTF-8"?>
<record
    xmlns:xsi="http://www.w3.org/2001/XMLSchema-instance"
    xsi:schemaLocation="http://www.loc.gov/MARC21/slim http://www.loc.gov/standards/marcxml/schema/MARC21slim.xsd"
    xmlns="http://www.loc.gov/MARC21/slim">

  <leader>00528nam a22001817a 4500</leader>
  <controlfield tag="003">BDDh-ASL</controlfield>
  <controlfield tag="005">20231015031024.0</controlfield>
  <controlfield tag="008">220926s1964    pk ||||| |||| 00| 0 urd d</controlfield>
  <datafield tag="040" ind1=" " ind2=" ">
    <subfield code="a">BDDh-ASL</subfield>
    <subfield code="c">BDDh-ASL</subfield>
  </datafield>
  <datafield tag="041" ind1=" " ind2=" ">
    <subfield code="a">urd</subfield>
  </datafield>
  <datafield tag="082" ind1=" " ind2=" ">
    <subfield code="a">297</subfield>
    <subfield code="b">DIA </subfield>
  </datafield>
  <datafield tag="100" ind1="1" ind2=" ">
    <subfield code="9">6620</subfield>
    <subfield code="a">Dihlavi, Shah Abdul Aziz </subfield>
  </datafield>
  <datafield tag="245" ind1="1" ind2="0">
    <subfield code="a">Ajala Nafea Fawad Jamia Bur : / &#x639;&#x62C;&#x627;&#x644;&#x6C1; &#x646;&#x627;&#x641;&#x639;&#x6C1;  &#x641;&#x648;&#x627;&#x200F;&#x626;&#x62F; &#x62C;&#x627;&#x645;&#x639;&#x6C2; &#x628;&#x631;</subfield>
  </datafield>
  <datafield tag="260" ind1=" " ind2=" ">
    <subfield code="a">Karachi : </subfield>
    <subfield code="b">Nur Mohamamd, </subfield>
    <subfield code="c">1964. </subfield>
  </datafield>
  <datafield tag="300" ind1=" " ind2=" ">
    <subfield code="a">544 p. : </subfield>
    <subfield code="c">25 cm. </subfield>
  </datafield>
  <datafield tag="650" ind1=" " ind2="0">
    <subfield code="9">3956</subfield>
    <subfield code="a">Hadith </subfield>
  </datafield>
  <datafield tag="942" ind1=" " ind2=" ">
    <subfield code="2">ddc</subfield>
    <subfield code="c">BK</subfield>
  </datafield>
  <datafield tag="952" ind1=" " ind2=" ">
    <subfield code="0">0</subfield>
    <subfield code="1">0</subfield>
    <subfield code="2">ddc</subfield>
    <subfield code="4">0</subfield>
    <subfield code="7">1</subfield>
    <subfield code="8">NFIC</subfield>
    <subfield code="a">ASL</subfield>
    <subfield code="b">ASL</subfield>
    <subfield code="c">GEN</subfield>
    <subfield code="d">2022-09-26</subfield>
    <subfield code="e">ASB Collections</subfield>
    <subfield code="h">U-0923</subfield>
    <subfield code="l">0</subfield>
    <subfield code="o">297 DIA </subfield>
    <subfield code="p">117553</subfield>
    <subfield code="r">2022-09-26 00:00:00</subfield>
    <subfield code="t">C-1</subfield>
    <subfield code="w">2022-09-26</subfield>
    <subfield code="y">BK</subfield>
    <subfield code="z">Y-1964</subfield>
  </datafield>
  <datafield tag="999" ind1=" " ind2=" ">
    <subfield code="c">29352</subfield>
    <subfield code="d">29352</subfield>
  </datafield>
</record>
